Cuba : vacío, ediciones, cambios /
সংরক্ষণ করুন:
| প্রধান লেখক: | |
|---|---|
| বিন্যাস: | অজ্ঞাত |
| ভাষা: | Spanish |
| বিষয়গুলি: | |
| ট্যাগগুলো: |
ট্যাগ যুক্ত করুন
কোনো ট্যাগ নেই, প্রথমজন হিসাবে ট্যাগ করুন!
|
MARC
| LEADER | 000000000a22000000004500 | ||
|---|---|---|---|
| 001 | 001933 | ||
| 041 | 0 | |a spa | |
| 100 | 1 | |a Arango, Arturo, |d 1955- | |
| 245 | 1 | 0 | |a Cuba : |b vacío, ediciones, cambios / |c Arturo Arango. |
| 650 | 4 | |a CUBA | |
| 650 | 4 | |a UNION DE ESCRITORES CUBANOS | |
| 650 | 4 | |a DONACIONES EUROPEAS | |
| 650 | 4 | |a FONDO PARA EL DESARROLLO DE LA EDUCACION Y LA CULTURA | |
| 650 | 4 | |a LITERATURA CUBANA | |
| 650 | 4 | |a PENSAMIENTO CUBANO | |
| 650 | 4 | |a ECONOMIA CUBANA | |
| 650 | 4 | |a CULTURA CUBANA | |
| 773 | 0 | |d España : CEXECI |t Con Eñe: Revista de cultura hispanoamericana |g número 0 (1997), páginas 21-22 | |
| 942 | |c ARC | ||
| 999 | |c 9736 |d 9736 | ||
